Score 0/28 Timer 06:00
0 Plays Today
Pattern Example Word % Correct
S A L _ _ _SALARY
95%
B E A _ _ _BEAUTY
89.9%
_ _ _ K E NDARKEN
86.6%
_ _ A R T _HEARTS
85.2%
D A N _ _ _DANCER
84.7%
_ A N N _ _BANNER
82.6%
_ R A Y _ _CRAYON
81.6%
_ _ S I D _INSIDE
80%
_ L O U _ _CLOUDS
77.9%
_ R O N _ _IRONIC
77.1%
_ M E L _ _SMELLS
75.9%
_ E L I _ _BELIEF
75.1%
_ L I V _ _SLIVER
74.6%
T I M _ _ _TIMELY
74.1%
Pattern Example Word % Correct
_ H A L _ _WHALES
73.7%
_ _ R O B _STROBE
72.5%
G U S _ _ _GUSHED
71.5%
_ _ S U E _ISSUES
70.6%
_ _ E V E _CLEVER
68.1%
_ _ _ A M YDREAMY
65.8%
S A M _ _ _SAMPLE
58.3%
_ _ D E E _INDEED
56.8%
_ _ _ T O MBOTTOM
54.2%
_ _ L E E _ASLEEP
48.7%
_ _ _ D O NPARDON
47.8%
_ _ _ A D AARMADA
46%
_ _ W E S _FEWEST
39.5%
_ _ _ V A LLARVAL
19.2%
Remove Ads.
Support Sporcle.
Get the best of Sporcle when you Go Orange. This ad-free experience offers more features, more stats, and more fun while also helping to support Sporcle. Thank you for becoming a member.

You're not logged in!

Compare scores with friends on all Sporcle quizzes.
OR
Log In

Show Comments

Extras

Top Quizzes Today


Score Distribution

Your Account Isn't Verified!

In order to create a playlist on Sporcle, you need to verify the email address you used during registration. Go to your Sporcle Settings to finish the process.

Report this User

Report this user for behavior that violates our Community Guidelines.

Details: